000 00244nam a2200109Ia 4500
005 20251222141936.0
008 251222s9999||||xx |||||||||||||| ||spa||
082 _a860/S17D
100 _a"Salvador, Gregorio"
245 0 _aDequeísmo
942 _cLIB
999 _c9202
_d9202